[Event "Jacques Jaudran mem sf1 corr"]
[Site "France AJEC"]
[Date "2002.06.15"]
[Round "?"]
[White "Guidici, Gilles"]
[Black "Bobel, Philippe"]
[Result "1/2-1/2"]
[WhiteElo "2327"]
[BlackElo "2192"]
[PlyCount "35"]
[EventDate "2002.06.15"]
[EventType "tourn (corr)"]
[EventRounds "10"]
[EventCountry "FRA"]
[SourceTitle "Corr 2004"]
[Source "ChessBase"]
[SourceDate "2003.04.28"]
[SourceVersion "3"]
[SourceVersionDate "2003.04.28"]
[SourceQuality "1"]

1. e4 e5 2. Nc3 Nf6 3. g3 c6 4. Nge2 d5 5. exd5 Nxd5 6. Bg2 Be6 7. 0-0 Nxc3 8. Nxc3 Be7 9. d3 Nd7 10. Be3 Nf6 11. h3 Qd7 12. Kh2 Nd5 13. Nxd5 Bxd5 14. f4 Bxg2 15. Kxg2 exf4 16. Bxf4 0-0 17. c3 Rfe8 18. Qf3 1/2-1/2

[Event "FRA-ch65 corr"]
[Site "France"]
[Date "2000.??.??"]
[Round "?"]
[White "Dieu, Bruno"]
[Black "Guidici, Gilles"]
[Result "1/2-1/2"]
[WhiteElo "2285"]
[BlackElo "2345"]
[PlyCount "44"]
[EventDate "2000.??.??"]
[EventType "tourn (corr)"]
[EventRounds "12"]
[EventCountry "FRA"]
[SourceTitle "Corr 2002"]
[Source "ChessBase"]
[SourceDate "2002.05.23"]
[SourceVersion "1"]
[SourceVersionDate "2002.05.23"]
[SourceQuality "1"]

1. d4 Nf6 2. c4 e6 3. Nc3 Bb4 4. Qc2 0-0 5. a3 Bxc3+ 6. Qxc3 b6 7. Bg5 Bb7 8. e3 d6 9. f3 Nbd7 10. Bd3 c5 11. Ne2 Rc8 12. Qd2 Re8 13. 0-0 Ba6 14. b4 cxd4 15. Nxd4 h6 16. Bh4 Bxc4 17. Bxc4 Rxc4 18. Bg3 Ne5 19. Nb5 Nd5 20. e4 a6 21. Nxd6 Qxd6 22. exd5 exd5 1/2-1/2

[Event "FRA-ch65 corr"]
[Site "France"]
[Date "2000.??.??"]
[Round "?"]
[White "Gorge, Eric"]
[Black "Guidici, Gilles"]
[Result "1/2-1/2"]
[WhiteElo "2365"]
[BlackElo "2345"]
[PlyCount "39"]
[EventDate "2000.??.??"]
[EventType "tourn (corr)"]
[EventRounds "12"]
[EventCountry "FRA"]
[SourceTitle "Corr 2002"]
[Source "ChessBase"]
[SourceDate "2002.05.23"]
[SourceVersion "1"]
[SourceVersionDate "2002.05.23"]
[SourceQuality "1"]

1. d4 Nf6 2. Bg5 c6 3. Nc3 d5 4. Qd3 Qa5 5. a3 Nbd7 6. Nf3 e6 7. Bd2 Qb6 8. 0-0-0 a5 9. e4 Qc7 10. Re1 dxe4 11. Nxe4 b5 12. Nxf6+ Nxf6 13. Ne5 b4 14. a4 Ba6 15. Qf3 Bxf1 16. Rhxf1 Rc8 17. Nc4 Bd6 18. Qf5 Ra8 19. Nxd6+ Qxd6 20. Qe5 1/2-1/2

[Event "FRA-ch65 corr"]
[Site "France"]
[Date "2000.??.??"]
[Round "?"]
[White "Tinture, Laurent"]
[Black "Guidici, Gilles"]
[Result "1-0"]
[WhiteElo "2445"]
[BlackElo "2345"]
[PlyCount "97"]
[EventDate "2000.??.??"]
[EventType "tourn (corr)"]
[EventRounds "12"]
[EventCountry "FRA"]
[SourceTitle "Corr 2002"]
[Source "ChessBase"]
[SourceDate "2002.05.23"]
[SourceVersion "1"]
[SourceVersionDate "2002.05.23"]
[SourceQuality "1"]

1. Nc3 d5 2. e4 c6 3. d4 dxe4 4. f3 Nf6 5. Nxe4 Nxe4 6. fxe4 e5 7. Nf3 exd4 8. Bc4 Qa5+ 9. Bd2 Qc5 10. Qe2 Bg4 11. Qd3 Bxf3 12. gxf3 Nd7 13. Qb3 Ne5 14. Qxb7 Rd8 15. Be2 Be7 16. Qb3 0-0 17. a3 a5 18. f4 a4 19. Qg3 Ng6 20. Qd3 Qb6 21. 0-0 c5 22. b3 Rb8 23. Rf3 Qc6 24. Rh3 Rb6 25. Rf1 Ra8 26. Bc1 Rd8 27. e5 Qd7 28. Rg3 Bh4 29. Rg2 axb3 30. cxb3 Qb7 31. Bd1 Qd5 32. Bd2 Be7 33. Qg3 Rdb8 34. f5 Rxb3 35. Qg4 h5 36. Qxh5 Nxe5 37. f6 Bxf6 38. Rxf6 Rb1 39. Rf1 g6 40. Rg3 R8b6 41. Qg5 Re6 42. Rh3 Rxd1 43. Rxd1 Nf3+ 44. Rxf3 Qxf3 45. Rf1 Qc6 46. h4 Re4 47. Rf6 Qd7 48. Kf2 Qe8 49. Qd5 1-0